Martin Schmitt – Multiple-Choice-Quiz - Statistiken

Allgemein
  • Dieses Quiz wurde 34 mal gespielt
  • Das Durchschnittsergebnis liegt bei 6 aus 10
Antwortstatistiken
Frage Antwort % Korrekt
Wo wurde er geboren? In Villingen-Schwenningen
91%
Martin Schmitt... Er hat nie eine olympische Medaille im Einzelwettbewerb gewonnen
78%
Wer ist er derzeit? Experte der deutschen Sektion von Eurosport
78%
In welchen Saisons hat Schmitt den Weltcup gewonnen? 1998/1999 und 1999/2000
75%
Welche Olympiade war seine erste Olympiade? Nagano 1998
66%
Wie hieß sein Bruder, der in der Nordischen Kombination antrat? Thorsten
50%
Wo stellte er seinen persönlichen Rekord von 224,0 m auf? In Planica
47%
Wo hat er zum ersten Mal einen Weltcup gewonnen? (1998) In Lillehammer
38%
Wie oft hat Martin Schmitt den Weltcup im Skifliegen gewonnen? 2
34%
Wie viele Punkte hat er in seiner besten Saison erzielt? 1833
31%
Keine übereinstimmenden Quizze gefunden
Verteilung der Resultate
Anzahl Personen mit jedem Resultat
Perzentil nach korrekt beantworteten Fragen
Ihre Resultats-Entwicklung
Sie haben dieses Quiz noch nicht gespielt